<?xml version="1.0" encoding="UTF-8"?>
<collection xmlns="http://www.loc.gov/MARC21/slim">
<record>
  <controlfield tag="001">124337</controlfield>
  <controlfield tag="005">20230307113007.0</controlfield>
  <datafield tag="037" ind1=" " ind2=" ">
    <subfield code="a">TESIS-2023-033</subfield>
  </datafield>
  <datafield tag="041" ind1=" " ind2=" ">
    <subfield code="a">spa</subfield>
  </datafield>
  <datafield tag="100" ind1="1" ind2=" ">
    <subfield code="a">Pérez Calle, Ricardo Diego</subfield>
  </datafield>
  <datafield tag="245" ind1="0" ind2="0">
    <subfield code="a">Identificación de los determinantes de la calidad de la gestión, del nivel de descentralización y de la performance organizacional: una aplicación al caso aragonés</subfield>
  </datafield>
  <datafield tag="260" ind1=" " ind2=" ">
    <subfield code="a">Zaragoza</subfield>
    <subfield code="b">Universidad de Zaragoza, Prensas de la Universidad</subfield>
    <subfield code="c">2022</subfield>
  </datafield>
  <datafield tag="300" ind1=" " ind2=" ">
    <subfield code="a">615</subfield>
  </datafield>
  <datafield tag="490" ind1="0" ind2=" ">
    <subfield code="a">Tesis de la Universidad de Zaragoza</subfield>
    <subfield code="x">2254-7606</subfield>
    <subfield code="v">2023-33</subfield>
  </datafield>
  <datafield tag="500" ind1=" " ind2=" ">
    <subfield code="a">Presentado:  19 12 2022</subfield>
  </datafield>
  <datafield tag="502" ind1=" " ind2=" ">
    <subfield code="a">Tesis-Univ. Zaragoza,  , 2022</subfield>
    <subfield code="b">Zaragoza, Universidad de Zaragoza</subfield>
    <subfield code="c">2022</subfield>
  </datafield>
  <datafield tag="520" ind1=" " ind2=" ">
    <subfield code="a">La presente tesis doctoral ha pretendido identificar los principales determinantes de la calidad de la gestión de las organizaciones, de su nivel de descentralización y de la relación de ambas variables con la performance organizacional.&lt;br />Para ello, la investigación desarrollada en la presente tesis doctoral toma como base para su desarrollo la metodología establecida por el World Management Survey. Sobre una muestra de empresas que desarrollan su actividad en la Comunidad Autónoma de Aragón se ha creado una base de datos con las distintas prácticas de gestión y estrategias organizacionales -así como con variables sectoriales y datos de rendimiento organizacional- observadas en cada una de ellas. La base de datos generada incluye a 150 empresas, con 68 variables observadas en cada una de ellas, lo que supone un total de 10.200 datos cuantitativos. &lt;br />A partir de dichas observaciones, se han analizado las interrelaciones entre las variables organizacionales y de gestión presentes, así como su asociación con la performance organizacional. La investigación, así mismo, ha desarrollado nuevos modelos teóricos a partir de la introducción de nuevas variables explicativas y del desarrollo de nuevos modelos de medida para las mismas, realizando un análisis multidimensional de los factores determinantes de la excelencia y del éxito organizacional. Así mismo, ofrece un conjunto de variables, factores, prácticas y características concretas asociadas a una performance superior que puedan ser aplicadas por empresas e instituciones. &lt;br />Presenta, por tanto, importantes contribuciones en el ámbito académico e implicaciones para la gestión en el entorno profesional, al conjugar los modelos teóricos desarrollados un importante carácter explicativo con la capacidad predictiva para casos fuera de la muestra empleada en la investigación.&lt;br /></subfield>
  </datafield>
  <datafield tag="506" ind1=" " ind2=" ">
    <subfield code="a">all-rights-reserved</subfield>
  </datafield>
  <datafield tag="520" ind1=" " ind2=" ">
    <subfield code="a">&lt;br /></subfield>
  </datafield>
  <datafield tag="521" ind1=" " ind2=" ">
    <subfield code="9">7091</subfield>
    <subfield code="a">Programa de Doctorado en Economía y Gestión de las Organizaciones</subfield>
  </datafield>
  <datafield tag="653" ind1="1" ind2=" ">
    <subfield code="a">organizacion y gestion de empresas</subfield>
  </datafield>
  <datafield tag="653" ind1="1" ind2=" ">
    <subfield code="a">estudios industriales</subfield>
  </datafield>
  <datafield tag="653" ind1="1" ind2=" ">
    <subfield code="a">gestion de recursos humanos</subfield>
  </datafield>
  <datafield tag="653" ind1="1" ind2=" ">
    <subfield code="a">organizacion de la produccion</subfield>
  </datafield>
  <datafield tag="700" ind1=" " ind2=" ">
    <subfield code="a">García Casarejos, María Nieves </subfield>
    <subfield code="e">dir.</subfield>
  </datafield>
  <datafield tag="700" ind1=" " ind2=" ">
    <subfield code="a">García Bernal, Javier </subfield>
    <subfield code="e">dir.</subfield>
  </datafield>
  <datafield tag="710" ind1="2" ind2=" ">
    <subfield code="a">Universidad de Zaragoza</subfield>
    <subfield code="b"> </subfield>
  </datafield>
  <datafield tag="830" ind1=" " ind2=" ">
    <subfield code="9">503</subfield>
  </datafield>
  <datafield tag="856" ind1="0" ind2=" ">
    <subfield code="f">cdeurop@unizar.es</subfield>
  </datafield>
  <datafield tag="856" ind1="4" ind2=" ">
    <subfield code="u">http://zaguan.unizar.es/record/124337/files/TESIS-2023-033.pdf</subfield>
    <subfield code="z">Texto completo (spa)</subfield>
    <subfield code="s">6920268</subfield>
  </datafield>
  <datafield tag="909" ind1="C" ind2="O">
    <subfield code="o">oai:zaguan.unizar.es:124337</subfield>
    <subfield code="p">driver</subfield>
    <subfield code="p">tesis</subfield>
  </datafield>
  <datafield tag="910" ind1="2" ind2=" ">
    <subfield code="a"></subfield>
    <subfield code="b"> </subfield>
  </datafield>
  <datafield tag="980" ind1=" " ind2=" ">
    <subfield code="a">TESIS</subfield>
  </datafield>
</record>
</collection>